Hazard /
Jsem bývalý gambler, který propadl kurzovému sázení. Po léta jsem si vedl denní zápisy ze svého hraní. Na jejich základě jsem napsal tuto knihu, která vám odhalí svět zisků a ztrát, nadšení i hlubokého vyčerpání. To ale není vše! Díky svým zápisům jsem časem v hazardu objevil jisté iracion...
Uloženo v:
| Hlavní autor: | |
|---|---|
| Médium: | E-kniha |
| Jazyk: | Czech |
| Vydáno: |
Praha :
E-knihy jedou,
2026
|
| Tagy: |
Žádné tagy |
| LEADER | 01532nam a22002297i 4500 | ||
|---|---|---|---|
| 001 | 302764 | ||
| 007 | ta | ||
| 008 | 260514s2026 xr ||||| |||| 00| 0 cze d | ||
| 020 | |a 9990004270756 | ||
| 044 | |a xr | ||
| 100 | 1 | |a M., Petr |4 aut | |
| 245 | 1 | 0 | |a Hazard / |c M., Petr |
| 264 | 1 | |a Praha : |b E-knihy jedou, |c 2026 | |
| 300 | |a 1 online zdroj (416 stran) | ||
| 336 | |a text |b txt |2 rdacontent | ||
| 337 | |a bez média |b n |2 rdamedia | ||
| 338 | |a online zdroj |b cr |2 rdacarrier | ||
| 520 | 2 | |a Jsem bývalý gambler, který propadl kurzovému sázení. Po léta jsem si vedl denní zápisy ze svého hraní. Na jejich základě jsem napsal tuto knihu, která vám odhalí svět zisků a ztrát, nadšení i hlubokého vyčerpání. To ale není vše! Díky svým zápisům jsem časem v hazardu objevil jisté iracionální pravidelnosti, které tam správně neměly být. Ty mě dovedly až ke studiu horoskopů, s jejichž pomocí jsem nejednou vyhrál a zamezil tak ztrátám, které by mohly být likvidační. V knize naleznete také jedno pořádné překvapení. Nudit se určitě nebudete. | |
| 910 | |a RBIT002 | ||
| 998 | |d 427075 |a https://core.palmknihy.cz/api/books/427075/cover?textox |b https://core.palmknihy.cz/api/books/427075/cover/400?textox |c https://core.palmknihy.cz/api/books/427075/cover/50?textox |e |g 416 |i 9990004270756 |j https://core.palmknihy.cz/api/books/427075/preview.epub |k https://core.palmknihy.cz/api/books/427075/preview.pdf |l |q 49 |r 1 |s https://www.palmknihy.cz/kniha/427075 |t ebook |y 2026 |z 1 | ||
| 999 | |d 302762 | ||